<?xml version="1.0" encoding="UTF-8"?><?xml-stylesheet type="text/xsl" href="static/style.xsl"?><OAI-PMH xmlns="http://www.openarchives.org/OAI/2.0/" xmlns:xsi="http://www.w3.org/2001/XMLSchema-instance" xsi:schemaLocation="http://www.openarchives.org/OAI/2.0/ http://www.openarchives.org/OAI/2.0/OAI-PMH.xsd"><responseDate>2026-06-07T23:41:52Z</responseDate><request verb="GetRecord" identifier="oai:docta.ucm.es:20.500.14352/120872" metadataPrefix="marc">https://docta.ucm.es/rest/oai/request</request><GetRecord><record><header><identifier>oai:docta.ucm.es:20.500.14352/120872</identifier><datestamp>2025-06-04T23:55:33Z</datestamp><setSpec>com_20.500.14352_14</setSpec><setSpec>col_20.500.14352_15</setSpec></header><metadata><record xmlns="http://www.loc.gov/MARC21/slim" xmlns:dcterms="http://purl.org/dc/terms/" xmlns:xsi="http://www.w3.org/2001/XMLSchema-instance" xmlns:doc="http://www.lyncode.com/xoai" xsi:schemaLocation="http://www.loc.gov/MARC21/slim http://www.loc.gov/standards/marcxml/schema/MARC21slim.xsd">
   <leader>00925njm 22002777a 4500</leader>
   <datafield ind2=" " ind1=" " tag="042">
      <subfield code="a">dc</subfield>
   </datafield>
   <datafield ind2=" " ind1=" " tag="720">
      <subfield code="a">Iniesta Albentosa, Margarita Isabel</subfield>
      <subfield code="e">author</subfield>
   </datafield>
   <datafield ind2=" " ind1=" " tag="720">
      <subfield code="a">Pérez-Higueras Sánchez-Escalonilla, Juan</subfield>
      <subfield code="e">author</subfield>
   </datafield>
   <datafield ind2=" " ind1=" " tag="260">
      <subfield code="c">2025-05-29</subfield>
   </datafield>
   <datafield ind2=" " ind1=" " tag="520">
      <subfield code="a">Introduction: The aim of this study was to examine the application of artificial intelligence (AI) and generative AI (GAI) in dental education through a comprehensive bibliometric analysis, with the goal of identifying potential future research areas in this field.

Materials and Methods: Data were obtained from the Web of Science and Scopus databases, with no date restrictions. The inclusion criteria encompassed research articles, reviews and proceedings papers focused on the use of AI in dental education. The Bibliometrix R package was used for data analysis.

Results: A total of 54 documents were analysed, revealing a significant increase in publications from 2021 to 2024. The Journal of Dental Education was identified as the most prolific source, with the United States leading in terms of contributions. The findings showed a growing interest in AI's potential to transform dental education, with significant contributions from a diverse set of global authors and institutions. Several key themes were identified, including ‘large language models’, ‘chatbots’ and ‘clinical decision support systems’. The citation analysis highlighted influential papers, including those by Thurzo et al. (2023) and Yüzbaşıoğlu (2021).

Conclusion: There is a growing interest in the use of AI and GAI in dental education. However, further research, particularly experimental studies, is essential to fully understand their impact on educational outcomes in dentistry. Key areas for exploration include the application of AI for personalised learning, the integration of chatbots as educational tools to support students, and the use of AI for training and assessing practical skills.</subfield>
   </datafield>
   <datafield ind1="8" ind2=" " tag="024">
      <subfield code="a">Iniesta M, Pérez-Higueras JJ. Global Trends in the Use of Artificial Intelligence in Dental Education: A Bibliometric Analysis. Eur J Dent Educ. 2025 May 29. doi: 10.1111/eje.13133</subfield>
   </datafield>
   <datafield ind1="8" ind2=" " tag="024">
      <subfield code="a">1396-5883</subfield>
   </datafield>
   <datafield ind1="8" ind2=" " tag="024">
      <subfield code="a">10.1111/eje.13133</subfield>
   </datafield>
   <datafield ind1="8" ind2=" " tag="024">
      <subfield code="a">https://hdl.handle.net/20.500.14352/120872</subfield>
   </datafield>
   <datafield ind1="8" ind2=" " tag="024">
      <subfield code="a">1600-0579</subfield>
   </datafield>
   <datafield ind1="8" ind2=" " tag="024">
      <subfield code="a">https://doi.org/10.1111/eje.13133</subfield>
   </datafield>
   <datafield ind1="8" ind2=" " tag="024">
      <subfield code="a">40440490</subfield>
   </datafield>
   <datafield ind1="8" ind2=" " tag="024">
      <subfield code="a">https://onlinelibrary.wiley.com/doi/10.1111/eje.13133?af=R</subfield>
   </datafield>
   <datafield ind1="8" ind2=" " tag="024">
      <subfield code="a">https://pubmed.ncbi.nlm.nih.gov/40440490/</subfield>
   </datafield>
   <datafield ind2="0" ind1="0" tag="245">
      <subfield code="a">Global Trends in the Use of Artificial Intelligence in Dental Education: A Bibliometric Analysis</subfield>
   </datafield>
</record></metadata></record></GetRecord></OAI-PMH>